| 000 | 01192nam a2200325 c 4500 | ||
|---|---|---|---|
| 003 | BLK | ||
| 005 | 20201021122238.0 | ||
| 008 | 180413b bul|||||r ||||||| ||bul|| | ||
| 010 | _aKNG00019718000 | ||
| 040 | _aBLK | ||
| 041 |
_aBUL _cBUL |
||
| 080 |
_aАмериканска литература (на САЩ) _b821.111(73) _x-312.9 _z821.111(73)-312.9 |
||
| 700 | 1 |
_aФрийдман, Майкъл Ян _9365180 |
|
| 100 | 1 |
_aФридман, Майкъл Ян _eпърви автор _9262244 |
|
| 700 | 1 |
_aМитева, Ирина _eпрев. _9262245 |
|
| 139 |
_aФрийдман, Майкъл Ян _bФ 83 |
||
| 245 | 1 | 0 |
_aБатман Робин _b[Роман] _c Майкъл Ян Фрийдман; Майкъл Ян Фридман; прев. Ирина Митева. |
| 257 | _aUSA | ||
| 260 |
_аСофия _bСлънчо _c1997 |
||
| 300 |
_a200 с. _c20 см |
||
| 380 | _aDX | ||
| 500 | _aОриг. загл. Batman Robin / Michael Jan Freadman. - 1 000 тир. | ||
| 653 | _aромани | ||
| 653 | _aфантастика | ||
| 852 | _aЦб 193847 | ||
| 856 | 4 |
_qpdf _u |
|
| 856 | 4 |
_qpdf _u |
|
| 942 |
_cKNG _n0 _01 |
||
| 944 |
_aCR _c15.01.2003 _kЛюдмила_Стоянова |
||
| 944 |
_aED _c19.11.2005 _k |
||
| 999 |
_c17723 _d17723 |
||